[Event "Ruhrgebiet Verbandsliga Gruppe 1 1718"]
[Site "Germany"]
[Date "2018.02.25"]
[Round "7.3"]
[White "Gorainow, Nikita"]
[Black "Neumann, Carsten"]
[Result "1-0"]
[WhiteElo "1912"]
[BlackElo "2013"]
[PlyCount "143"]
[EventDate "2017.09.17"]
[EventType "team-tourn"]
[EventRounds "9"]
[EventCountry "GER"]
[SourceTitle "EXT 2022"]
[Source "ChessBase"]
[SourceDate "2021.10.06"]
[SourceVersion "1"]
[SourceVersionDate "2021.10.06"]
[SourceQuality "1"]
[WhiteTeam "Essen Katernberg III"]
[BlackTeam "Kamen SV II"]
[WhiteTeamCountry "GER"]
[BlackTeamCountry "GER"]

1. e4 d6 2. d4 g6 3. Nc3 Bg7 4. Be2 a6 5. g4 Nd7 6. Be3 b5 7. a3 Bb7 8. h4 e6 9. f3 c5 10. dxc5 dxc5 11. Qd6 Qa5 12. 0-0-0 Rd8 13. Bg5 Bf6 14. Bxf6 Ngxf6 15. Nh3 Qb6 16. Qf4 b4 17. Nb1 c4 18. Bxc4 Rc8 19. e5 Nd5 20. Bxd5 Bxd5 21. Ng5 0-0 22. Qxb4 Qe3+ 23. Qd2 Qxe5 24. Nc3 Nc5 25. Kb1 f6 26. Nxd5 exd5 27. Rhe1 Qc7 28. Qxd5+ Kh8 29. Ne4 Na4 30. Qb3 Nxb2 31. Rd4 Nc4 32. Ka2 Na5 33. Qb2 Qf7+ 34. Ka1 Rxc2 35. Qxc2 Nb3+ 36. Kb2 Nxd4 37. Qc3 Rb8+ 38. Kc1 Qa2 39. Nd2 Nb3+ 40. Nxb3 Qxa3+ 41. Kd2 Qa2+ 42. Qc2 Qa3 43. Re3 Qd6+ 44. Ke1 Qf4 45. Qe2 Qa4 46. Kf2 a5 47. Kg2 Qd7 48. Nxa5 Ra8 49. Nc4 Rf8 50. Re7 Qa4 51. Nd6 Qb4 52. Qe6 Qd2+ 53. Kg3 Qd4 54. Nf7+ Rxf7 55. Qxf7 Qg1+ 56. Kf4 Qh2+ 57. Ke4 Qc2+ 58. Kd5 Qd3+ 59. Ke6 Qa6+ 60. Kd5 Qd3+ 61. Kc5 Qa3+ 62. Kb5 Qb2+ 63. Ka4 Qd4+ 64. Ka3 Qc5+ 65. Kb2 Qb4+ 66. Kc2 Qc5+ 67. Kd2 Qd4+ 68. Ke2 Qb2+ 69. Kf1 Qb1+ 70. Re1 Qd3+ 71. Kg2 Qd2+ 72. Kh3 1-0

[Event "Ruhrgebiet Verbandsliga Gruppe 2 1617"]
[Site "Germany"]
[Date "2017.02.19"]
[Round "7.3"]
[White "Neumann, Carsten"]
[Black "Marx, Patrick"]
[Result "1-0"]
[WhiteElo "2017"]
[BlackElo "1908"]
[PlyCount "57"]
[EventDate "2016.09.04"]
[EventType "team-tourn"]
[EventRounds "9"]
[EventCountry "GER"]
[SourceTitle "EXT 2022"]
[Source "ChessBase"]
[SourceDate "2021.10.06"]
[SourceVersion "1"]
[SourceVersionDate "2021.10.06"]
[SourceQuality "1"]
[WhiteTeam "Brambauer"]
[BlackTeam "Welper SV II"]
[WhiteTeamCountry "GER"]
[BlackTeamCountry "GER"]

1. Nf3 d5 2. g3 Nf6 3. Bg2 Bg4 4. d3 Nbd7 5. Nbd2 c6 6. 0-0 e5 7. e4 dxe4 8. dxe4 Qc7 9. h3 Bh5 10. g4 Nxg4 11. hxg4 Bxg4 12. Nc4 f6 13. Qe1 Be6 14. Ne3 g5 15. Qc3 h5 16. Rd1 h4 17. Nf5 h3 18. Bf1 h2+ 19. Nxh2 Nc5 20. Bg2 Qh7 21. Ng4 Kf7 22. Be3 Nxe4 23. Bxe4 Bxf5 24. Rd7+ Be7 25. Rxe7+ Kxe7 26. Qb4+ Kf7 27. Qxb7+ Kg6 28. Qxc6 Bxe4 29. Qxf6+ 1-0

[Event "Ruhrgebiet Verbandsliga Gruppe 2 1516"]
[Site "Germany"]
[Date "2016.03.20"]
[Round "8.3"]
[White "Neumann, Carsten"]
[Black "Achenbach, Manfred"]
[Result "1-0"]
[WhiteElo "1998"]
[BlackElo "1929"]
[PlyCount "79"]
[EventDate "2015.09.06"]
[EventType "team-tourn"]
[EventRounds "9"]
[EventCountry "GER"]
[SourceTitle "EXT 2022"]
[Source "ChessBase"]
[SourceDate "2021.10.06"]
[SourceVersion "1"]
[SourceVersionDate "2021.10.06"]
[SourceQuality "1"]
[WhiteTeam "Brambauer"]
[BlackTeam "Muelheim SC"]
[WhiteTeamCountry "GER"]
[BlackTeamCountry "GER"]

1. Nf3 Nf6 2. g3 d5 3. Bg2 g6 4. 0-0 Bg7 5. d3 0-0 6. c3 c5 7. Nbd2 Nc6 8. e4 e5 9. Qe2 h6 10. Ne1 dxe4 11. dxe4 b6 12. Nc2 a5 13. a4 Ba6 14. Nc4 Qe7 15. Re1 Rac8 16. N2e3 Qe6 17. b3 Ne7 18. Ra2 Rcd8 19. Rd1 Bb7 20. f3 Nc8 21. Rad2 Rxd2 22. Rxd2 Ba6 23. Qf1 Qe7 24. Qd1 h5 25. Rd3 h4 26. g4 Re8 27. g5 Nh5 28. Nd5 Qb7 29. Bh3 Bxc4 30. bxc4 Nd6 31. Nf6+ Bxf6 32. gxf6 Nc8 33. Rd8 Qc6 34. Bxc8 Nxf6 35. Bg5 Kg7 36. Bb7 Qe6 37. Bxf6+ Qxf6 38. Rxe8 Qg5+ 39. Kh1 Kh7 40. Bc8 1-0

[Event "NRW Class1 1415"]
[Site "Germany"]
[Date "2015.02.08"]
[Round "6.7"]
[White "Neumann, Carsten"]
[Black "Osswald, Luis Monty"]
[Result "1-0"]
[WhiteElo "2010"]
[BlackElo "1985"]
[PlyCount "81"]
[EventDate "2014.09.14"]
[EventType "team-tourn"]
[EventRounds "9"]
[EventCountry "GER"]
[SourceTitle "EXT 2017"]
[Source "ChessBase"]
[SourceDate "2016.10.25"]
[SourceVersion "1"]
[SourceVersionDate "2016.10.25"]
[SourceQuality "1"]
[WhiteTeam "Kamen"]
[BlackTeam "Ennepe Ruhr Sued"]
[WhiteTeamCountry "GER"]
[BlackTeamCountry "GER"]

1. Nf3 c5 2. g3 b6 3. Bg2 Bb7 4. 0-0 Nf6 5. d3 e6 6. e4 d6 7. Qe2 Nbd7 8. Nbd2 Be7 9. b3 Qc7 10. Bb2 0-0 11. Rfe1 Rfe8 12. Nf1 a6 13. Ng5 h6 14. Nh3 Rac8 15. g4 b5 16. c4 d5 17. e5 Nh7 18. cxd5 Bxd5 19. Bxd5 exd5 20. Ne3 Nb6 21. Nf5 Bf8 22. Rac1 Qd7 23. f4 a5 24. Qf3 h5 25. Kh1 d4 26. Rg1 hxg4 27. Qxg4 g6 28. Rcf1 Kh8 29. Qh4 gxf5 30. Ng5 f6 31. Nxh7 Qxh7 32. Qxf6+ Bg7 33. Qxb6 Rb8 34. Qxc5 Qh3 35. Qxd4 Rbd8 36. Qa7 Rg8 37. Qf7 Rxd3 38. Rf2 Rf3 39. e6 Rxf2 40. Bxg7+ Kh7 41. Qg6# 1-0

[Event "NRW Class1 1415"]
[Site "Germany"]
[Date "2014.09.14"]
[Round "1.8"]
[White "Niermann, Rainer"]
[Black "Neumann, Carsten"]
[Result "1/2-1/2"]
[WhiteElo "2015"]
[BlackElo "2010"]
[PlyCount "171"]
[EventDate "2014.09.14"]
[EventType "team-tourn"]
[EventRounds "9"]
[EventCountry "GER"]
[SourceTitle "EXT 2017"]
[Source "ChessBase"]
[SourceDate "2016.10.25"]
[SourceVersion "1"]
[SourceVersionDate "2016.10.25"]
[SourceQuality "1"]
[WhiteTeam "Muenster II"]
[BlackTeam "Kamen"]
[WhiteTeamCountry "GER"]
[BlackTeamCountry "GER"]

1. e4 d6 2. d4 g6 3. Nc3 Bg7 4. Bg5 a6 5. Qd2 b5 6. Bd3 Nd7 7. Nf3 c5 8. dxc5 Nxc5 9. 0-0 Qa5 10. Nd5 Qxd2 11. Bxd2 Ra7 12. Be3 Bxb2 13. Rab1 Ba3 14. c4 b4 15. Bd4 f6 16. e5 Rb7 17. exf6 Nxf6 18. Bxc5 dxc5 19. Rfe1 Kf8 20. Ne5 Kg7 21. Nc6 e6 22. Nf4 Re8 23. Re5 Rc7 24. Na5 Ng4 25. Rg5 e5 26. Nd5 Rf7 27. f3 Nf6 28. Nc6 Nd7 29. h4 Bb7 30. Na5 Ba8 31. h5 Nf8 32. Nb3 Bxd5 33. cxd5 Rc7 34. hxg6 hxg6 35. Nd2 Kh6 36. Rg4 Rd8 37. Bc4 Nd7 38. d6 Rc6 39. Ne4 Nb6 40. Bxa6 c4 41. Bb7 Rcxd6 42. Nxd6 Rxd6 43. Be4 Nc8 44. Bc2 Rc6 45. Kf2 Ne7 46. Re4 Rc5 47. Rd1 Bb2 48. Rd6 Nf5 49. Ra6 Bd4+ 50. Ke1 Rd5 51. g4 Nh4 52. g5+ Kh5 53. Ke2 Bc3 54. Rxh4+ Kxh4 55. Bxg6 Kxg5 56. Bf7 Rd4 57. Rc6 Rd2+ 58. Ke3 Rxa2 59. Rxc4 Bd4+ 60. Kd3 Ra3+ 61. Kd2 b3 62. Rc6 b2 63. Rg6+ Kf5 64. Rg8 Rd3+ 65. Kc2 Rc3+ 66. Kd2 Rxf3 67. Bg6+ Kf4 68. Rf8+ Kg3 69. Rb8 Rf2+ 70. Kd3 Rf6 71. Be4 Kf4 72. Bd5 Rb6 73. Rxb6 Bxb6 74. Ba2 Kf3 75. Bd5+ Kf4 76. Ba2 e4+ 77. Ke2 Ke5 78. Bb1 Kd4 79. Kd2 Ba5+ 80. Ke2 Bb4 81. Bc2 Be7 82. Bb1 Bg5 83. Bc2 e3 84. Bg6 Kc3 85. Bf5 Kb3 86. Bb1 1/2-1/2

[Event "Ruhrgebiet Regionalliga 1213"]
[Site "Nordrheinwestfalen"]
[Date "2013.04.14"]
[Round "8.8"]
[White "Behnick, Eckhard"]
[Black "Neumann, Carsten"]
[Result "0-1"]
[WhiteElo "1763"]
[BlackElo "2057"]
[PlyCount "48"]
[EventDate "2012.09.09"]
[EventType "team-tourn"]
[EventRounds "9"]
[EventCountry "GER"]
[SourceTitle "EXT 2020"]
[Source "ChessBase"]
[SourceDate "2019.10.17"]
[SourceVersion "1"]
[SourceVersionDate "2019.10.17"]
[SourceQuality "1"]
[WhiteTeam "Herne Sodingen II"]
[BlackTeam "Kamen SV"]
[WhiteTeamCountry "GER"]
[BlackTeamCountry "GER"]

1. b4 c6 2. Bb2 a5 3. a3 Qb6 4. c4 d6 5. Qa4 e5 6. e3 Nf6 7. Nf3 Be7 8. Be2 0-0 9. Nc3 axb4 10. Qxb4 Qc7 11. Qb3 e4 12. Nd4 Re8 13. 0-0 Nbd7 14. Nf5 Bf8 15. Ng3 Nc5 16. Qc2 Qe7 17. d4 exd3 18. Bxd3 Nxd3 19. Qxd3 Ra5 20. e4 Ng4 21. f4 d5 22. Qe2 Qh4 23. h3 Bc5+ 24. Kh1 Qxg3 0-1

[Event "Ruhrgebiet Regionalliga 1213"]
[Site "Nordrheinwestfalen"]
[Date "2013.02.10"]
[Round "6.7"]
[White "Gohla, Ulf"]
[Black "Neumann, Carsten"]
[Result "1-0"]
[WhiteElo "2124"]
[BlackElo "2057"]
[PlyCount "125"]
[EventDate "2012.09.09"]
[EventType "team-tourn"]
[EventRounds "9"]
[EventCountry "GER"]
[SourceTitle "EXT 2020"]
[Source "ChessBase"]
[SourceDate "2019.10.17"]
[SourceVersion "1"]
[SourceVersionDate "2019.10.17"]
[SourceQuality "1"]
[WhiteTeam "Wattenscheid SV III"]
[BlackTeam "Kamen SV"]
[WhiteTeamCountry "GER"]
[BlackTeamCountry "GER"]

1. d4 g6 2. c4 Bg7 3. e4 d6 4. Nc3 e5 5. d5 f5 6. f3 Nf6 7. Bd3 0-0 8. Be3 Nh5 9. Nge2 Qh4+ 10. g3 Qh3 11. Qd2 f4 12. gxf4 Qxf3 13. Rf1 Qh3 14. 0-0-0 Nxf4 15. Nxf4 exf4 16. Rxf4 Rxf4 17. Bxf4 Nd7 18. Nb5 Ne5 19. Nxc7 Bg4 20. Bf1 Qh4 21. Nxa8 Bxd1 22. Kxd1 Qd8 23. Qb4 Qf8 24. Qd2 Qxa8 25. c5 Qf8 26. cxd6 g5 27. Bxe5 Qxf1+ 28. Kc2 Bxe5 29. Qxg5+ Bg7 30. d7 Qe2+ 31. Kc1 Qe1+ 32. Kc2 Qxe4+ 33. Kd2 Qb4+ 34. Ke3 Qc5+ 35. Kf3 Qf8+ 36. Kg2 h6 37. Qg6 b6 38. Qe6+ Kh7 39. Qe8 Qf4 40. d8Q Qg4+ 41. Kf1 Qd1+ 42. Kg2 Qg4+ 43. Kf2 Qf4+ 44. Ke2 Qg4+ 45. Ke3 Qg1+ 46. Ke4 Qb1+ 47. Kf4 Qf1+ 48. Kg4 Qg2+ 49. Kf5 Qh3+ 50. Ke4 Qg4+ 51. Ke3 Qg1+ 52. Ke2 Qg4+ 53. Kf1 Qd1+ 54. Qe1 Qf3+ 55. Qf2 Qd1+ 56. Kg2 Qg4+ 57. Qg3 Qe2+ 58. Kh3 Qf1+ 59. Kg4 h5+ 60. Kxh5 Qf7+ 61. Kg4 Qg6+ 62. Qg5 Qe4+ 63. Kh3 1-0

[Event "Ruhrgebiet Regionalliga 0910"]
[Site "Germany"]
[Date "2009.12.13"]
[Round "4.5"]
[White "Neumann, Carsten"]
[Black "Hinz, Arne"]
[Result "1/2-1/2"]
[WhiteElo "2176"]
[BlackElo "1994"]
[PlyCount "58"]
[EventDate "2009.09.06"]
[EventType "team-tourn"]
[EventRounds "9"]
[EventCountry "GER"]
[SourceTitle "EXT 2011"]
[Source "ChessBase"]
[SourceDate "2010.11.26"]
[SourceVersion "1"]
[SourceVersionDate "2010.11.26"]
[SourceQuality "1"]
[WhiteTeam "Kamen"]
[BlackTeam "Bochum SG III"]
[WhiteTeamCountry "GER"]
[BlackTeamCountry "GER"]

1. Nf3 Nf6 2. g3 g6 3. Bg2 Bg7 4. 0-0 0-0 5. d3 d5 6. c3 c5 7. Nbd2 Nc6 8. e4 d4 9. Qe2 Nd7 10. cxd4 cxd4 11. Ne1 Nc5 12. f4 e5 13. Ndf3 f6 14. Qc2 Qb6 15. Bd2 Be6 16. fxe5 Nxe4 17. exf6 Nxf6 18. Ng5 Nd8 19. Nxe6 Nxe6 20. Bh3 Kh8 21. Ng2 Rac8 22. Qd1 Rce8 23. b4 Nd5 24. Qb3 Ne3 25. Rxf8+ Bxf8 26. Re1 Ng5 27. Bg4 Nxg4 28. Bxg5 Rxe1+ 29. Nxe1 h6 1/2-1/2

[Event "Ruhrgebiet Regionalliga 0708"]
[Site "Germany"]
[Date "2007.11.25"]
[Round "3.7"]
[White "Neumann, Carsten"]
[Black "Nissen, Claus"]
[Result "1-0"]
[WhiteElo "2196"]
[BlackElo "2164"]
[PlyCount "49"]
[EventDate "2007.09.16"]
[EventType "team-tourn"]
[EventRounds "9"]
[EventCountry "GER"]
[SourceTitle "EXT 2009"]
[Source "ChessBase"]
[SourceDate "2008.11.26"]
[SourceVersion "1"]
[SourceVersionDate "2008.11.26"]
[SourceQuality "1"]
[WhiteTeam "Kamen"]
[BlackTeam "Uberruhr"]
[WhiteTeamCountry "GER"]
[BlackTeamCountry "GER"]

1. Nf3 g6 2. d4 Bg7 3. Bf4 Nf6 4. Nc3 d5 5. e3 Bg4 6. Qd3 c6 7. Ne5 Bf5 8. Qd2 Nfd7 9. 0-0-0 Qa5 10. Kb1 Nxe5 11. Bxe5 Bxe5 12. dxe5 0-0 13. Rg1 Be6 14. g4 f6 15. exf6 exf6 16. f4 Bf7 17. h4 Qc5 18. h5 Re8 19. hxg6 hxg6 20. Rh1 Qxe3 21. Qh2 Kf8 22. Bd3 Re6 23. Qh8+ Ke7 24. Rh7 f5 25. Qg7 1-0

[Event "Oberliga NRW 0405"]
[Site "Germany"]
[Date "2004.11.21"]
[Round "3.8"]
[White "Schockenbaeumer, Dirk"]
[Black "Neumann, Carsten"]
[Result "1/2-1/2"]
[WhiteElo "2187"]
[BlackElo "2232"]
[PlyCount "68"]
[EventDate "2004.10.10"]
[EventType "team-tourn"]
[EventRounds "9"]
[EventCountry "GER"]
[SourceTitle "EXT 2006"]
[Source "ChessBase"]
[SourceDate "2005.11.24"]
[SourceVersion "1"]
[SourceVersionDate "2005.11.24"]
[SourceQuality "1"]
[WhiteTeam "Solingen III"]
[BlackTeam "Dortmund Hansa"]
[WhiteTeamCountry "GER"]
[BlackTeamCountry "GER"]

1. e4 d6 2. d4 Nf6 3. Nc3 g6 4. Nf3 Bg7 5. Be2 0-0 6. 0-0 c6 7. a4 a5 8. h3 Qb6 9. Rb1 Nfd7 10. Be3 Na6 11. Qd2 Re8 12. Bc4 Nf8 13. Ng5 e6 14. Bb3 f6 15. Nxe6 Nxe6 16. Bxe6+ Bxe6 17. d5 Qb4 18. dxe6 Rxe6 19. Rfd1 Nc5 20. Bxc5 Qxc5 21. Qd3 Rf8 22. Ne2 f5 23. exf5 Rxf5 24. Nd4 Bxd4 25. Qxd4 Qxd4 26. Rxd4 Re2 27. f4 Rxc2 28. b4 axb4 29. Rdxb4 Ra5 30. Rxb7 Rxa4 31. Re1 Rxf4 32. Re8+ Rf8 33. Ree7 Rff2 34. Re8+ Rf8 1/2-1/2

[Event "Oberliga NRW 0304"]
[Site "Germany"]
[Date "2004.04.25"]
[Round "9.6"]
[White "Neumann, Carsten"]
[Black "Fuchs, Thomas"]
[Result "1-0"]
[WhiteElo "2287"]
[BlackElo "2042"]
[PlyCount "103"]
[EventDate "2003.09.28"]
[EventType "team-tourn"]
[EventRounds "9"]
[EventCountry "GER"]
[SourceTitle "CBM 098 Extra"]
[Source "ChessBase"]
[SourceDate "2004.03.10"]
[SourceVersion "2"]
[SourceVersionDate "2004.03.10"]
[SourceQuality "1"]
[WhiteTeam "Dortmund Hansa"]
[BlackTeam "Elberfeld"]
[WhiteTeamCountry "GER"]
[BlackTeamCountry "GER"]

1. Nf3 d6 2. d4 Nf6 3. Nc3 Bf5 4. Nh4 Bg6 5. Nxg6 hxg6 6. e4 e6 7. Bg5 Be7 8. Qe2 a6 9. g3 d5 10. Bxf6 gxf6 11. 0-0-0 c6 12. Bg2 Nd7 13. h4 Kf8 14. f4 dxe4 15. Nxe4 f5 16. Ng5 Nf6 17. Bf3 Nh5 18. Bxh5 Rxh5 19. g4 fxg4 20. Qxg4 Qd5 21. Kb1 Rd8 22. c3 Bxg5 23. fxg5 Qf5+ 24. Qxf5 gxf5 25. Kc2 Kg7 26. Rh2 f6 27. gxf6+ Kxf6 28. Re1 Rdh8 29. Reh1 Rg8 30. Kd3 Rg3+ 31. Ke2 f4 32. Kf2 Kf5 33. Re1 Rh6 34. Re5+ Kf6 35. Re4 Kf5 36. Re5+ Kf6 37. h5 Rg5 38. Rxg5 Kxg5 39. Kf3 e5 40. dxe5 Kf5 41. e6 Kxe6 42. Kxf4 Kf6 43. Kg4 Kg7 44. Kg5 Rd6 45. h6+ Kh7 46. Re2 Rg6+ 47. Kf5 Rg1 48. Re7+ Kxh6 49. Rxb7 Rg2 50. Rb6 Kg7 51. Ke6 a5 52. Kd6 1-0

[Event "Oberliga NRW 0304"]
[Site "Germany"]
[Date "2004.02.29"]
[Round "7.6"]
[White "Neumann, Carsten"]
[Black "Skolarski, Hans Georg"]
[Result "0-1"]
[WhiteElo "2287"]
[BlackElo "2288"]
[PlyCount "84"]
[EventDate "2003.09.28"]
[EventType "team-tourn"]
[EventRounds "9"]
[EventCountry "GER"]
[SourceTitle "CBM 098 Extra"]
[Source "ChessBase"]
[SourceDate "2004.03.10"]
[SourceVersion "2"]
[SourceVersionDate "2004.03.10"]
[SourceQuality "1"]
[WhiteTeam "Dortmund Hansa"]
[BlackTeam "Gesch"]
[WhiteTeamCountry "GER"]
[BlackTeamCountry "GER"]

1. Nf3 Nf6 2. d4 g6 3. Bg5 Bg7 4. Nbd2 h6 5. Bh4 d5 6. e3 Bf5 7. Ne5 Nbd7 8. g4 Be6 9. h3 h5 10. g5 Nh7 11. Ndf3 Nxe5 12. dxe5 c5 13. Bg3 0-0 14. Bf4 Qb6 15. Qc1 Rfd8 16. Bg2 Nf8 17. 0-0 Bf5 18. c4 dxc4 19. Nd2 Bd3 20. Re1 Qe6 21. Bg3 Bxe5 22. Bxe5 Qxe5 23. Nxc4 Qxg5 24. f4 Qg3 25. Ne5 Bf5 26. Re2 Bxh3 27. Qxc5 Rd6 28. Rf1 Ne6 29. Qc2 Bxg2 30. Rxg2 Qxe3+ 31. Rff2 Nxf4 32. Nxf7 Kxf7 33. Qc4+ Kg7 34. Qxf4 Qxf4 35. Rxf4 e5 36. Rb4 b6 37. Rb5 Re8 38. Re2 e4 39. Rb3 g5 40. Rbe3 Kf6 41. Rxe4 Rxe4 42. Rxe4 Rd1+ 0-1

[Event "Oberliga NRW 0304"]
[Site "Germany"]
[Date "2004.01.11"]
[Round "5.6"]
[White "Neumann, Carsten"]
[Black "Kocur, Alois"]
[Result "1-0"]
[WhiteElo "2287"]
[BlackElo "2287"]
[PlyCount "137"]
[EventDate "2003.09.28"]
[EventType "team-tourn"]
[EventRounds "9"]
[EventCountry "GER"]
[SourceTitle "CBM 098 Extra"]
[Source "ChessBase"]
[SourceDate "2004.03.10"]
[SourceVersion "2"]
[SourceVersionDate "2004.03.10"]
[SourceQuality "1"]
[WhiteTeam "Dortmund Hansa"]
[BlackTeam "Solingen II"]
[WhiteTeamCountry "GER"]
[BlackTeamCountry "GER"]

1. Nf3 Nf6 2. g3 g6 3. Bg2 Bg7 4. 0-0 0-0 5. d3 d5 6. c3 Nc6 7. Nbd2 e5 8. e4 h6 9. b4 a6 10. Qe2 Be6 11. Bb2 Qd7 12. Rfd1 Bh3 13. a3 Bxg2 14. Kxg2 Nh5 15. Kh1 f5 16. Nh4 Qf7 17. exf5 gxf5 18. f4 exf4 19. gxf4 Nxf4 20. Qf3 Ne6 21. Rg1 Ng5 22. Qf4 Nh3 23. Qg3 Nxg1 24. Rxg1 f4 25. Qg2 Kh7 26. Qh3 Qh5 27. d4 Rae8 28. Qd3+ Kg8 29. Ndf3 Re3 30. Qf1 Ne7 31. Qg2 Rf7 32. Bc1 Re4 33. Ne5 Re2 34. Qh3 Rf6 35. Ng4 Rf8 36. Qf3 Rxh2+ 37. Nxh2 Qxh4 38. Bd2 Rf5 39. Rg4 Qf6 40. Rxf4 c6 41. Ng4 Qh4+ 42. Kg2 Rg5 43. Kf1 Qh5 44. Rf8+ Kh7 45. Bxg5 Qxg5 46. Rf7 Qc1+ 47. Kf2 Ng6 48. Rxg7+ Kxg7 49. Qf6+ Kh7 50. Qf7+ Kh8 51. Qf6+ Kh7 52. Qf7+ Kh8 53. Qxg6 Qd2+ 54. Kf3 Qxc3+ 55. Ne3 Qxd4 56. Qxh6+ Kg8 57. Qg5+ Kh8 58. Qd8+ Kh7 59. Qd7+ Kh8 60. Qc8+ Kh7 61. Qxb7+ Kh8 62. Qc8+ Kh7 63. Qxc6 Qb2 64. Qc2+ Qxc2 65. Nxc2 Kg6 66. Ke3 Kf5 67. Kd4 Ke6 68. a4 Kd6 69. Ne3 1-0